Home Print Resources E-Books E-Journals IIMT Lecture Series Library Membership Form Book Recommendation Form Campus Tour Take AdmissionAbout Us Contact Us

PRACTICAL PHARMACEUTICAL CHEMISTRY (Record no. 31059)

000 -LEADER
fixed length control field 00327nam a2200133Ia 4500
008 - FIXED-LENGTH DATA ELEMENTS--GENERAL INFORMATION
fixed length control field 170620s9999 xx 000 0 und d
020 ## - INTERNATIONAL STANDARD BOOK NUMBER
International Standard Book Number 81857312X
100 ## - MAIN ENTRY--PERSONAL NAME
Personal name SINGH & KAPOOR V K
245 #0 - TITLE STATEMENT
Title PRACTICAL PHARMACEUTICAL CHEMISTRY
260 ## - PUBLICATION, DISTRIBUTION, ETC.
Name of publisher, distributor, etc. VALLABH DELHI
260 ## - PUBLICATION, DISTRIBUTION, ETC.
Date of publication, distribution, etc. 2006
300 ## - PHYSICAL DESCRIPTION
Extent 208
546 ## - LANGUAGE NOTE
Language note English
690 ## - LOCAL SUBJECT ADDED ENTRY--TOPICAL TERM (OCLC, RLIN)
Topical term or geographic name as entry element PHARMACEUTICAL CHEMISTRY
Holdings
Withdrawn status Lost status Source of classification or shelving scheme Damaged status Not for loan Home library Current library Date acquired Source of acquisition Total Checkouts Barcode Date last seen Price effective from Koha item type Checked out Date last checked out
          NOIDA College IIMT College of Pharmacy NOIDA College IIMT College of Pharmacy 01/12/2014 2   12-B-2217 06/26/2017 06/26/2017 Text-Book- for 7 days    
          NOIDA College IIMT College of Pharmacy NOIDA College IIMT College of Pharmacy 01/12/2014 2   12-B-2218 06/26/2017 06/26/2017 Text-Book- for 7 days    
          NOIDA College IIMT College of Pharmacy NOIDA College IIMT College of Pharmacy 01/12/2014 2 1 12-B-2219 09/20/2024 06/26/2017 Text-Book- for 7 days 01/31/2025 09/20/2024
          NOIDA College IIMT College of Pharmacy NOIDA College IIMT College of Pharmacy 01/12/2014 2 1 12-B-2220 06/23/2025 06/26/2017 Text-Book- for 7 days   06/23/2025
          NOIDA College IIMT College of Pharmacy NOIDA College IIMT College of Pharmacy 01/12/2014 2   12-B-2221 06/26/2017 06/26/2017 Text-Book- for 7 days    
IIMT, Central Library. All Rights Reserved IIMT,UNIVERSITY © 2023
Implemented and Customised by I CLOUDE EMS
You Are OPAC Visitor No
free web counter

Powered by Koha